1304 1555 1268 1282 1956 1546 1719 1966 1891 1133 1853 1537 1031 1936 1847 2000 1246 1584 1919 1940 1808 1820 1006 1968 1779 1008 1719 1763 1156 1918 1955 1153 1470 1716 1604 1263 1141 1939 1869 1046 1007 1277 1599 1476 1739 1759 1310 1894 1650 1169 1264 1666 1516 1555 1512 1030 1656 1244 1348 1010 1114 1779 1681 1206 1281 1585 1809 1952 1857 1710 1107 1887 1048 1017 1852 1483 1798 1392 1936 1810 1974 1763 1646 1107 1221 1871 1558 1091 1888 1002 1137 1707 1749 1413 1697 1901 1618 1454 1378 BCNSPRNW ULIB Ver.6.0+V

เปลี่ยนเป็นภาษาไทย

Change to English
 แสดงรายละเอียดบรรณานุกรม
  กลับหน้าหลัก

Brief Record : Get Marc (ISO 2709) : E-mail record : QR code < ปิดหน้าต่าง
LEADER : 00000nam 2200000uu 4500
001    13399120887
003     ULIB
008    121024s2537||||th 000 0 tha d
099    ^aวจ.WY18 ส839ป
100    ^aสุภาวรรณ์ ศรีจันท์ทองศิริ และ อรพิน แสงสว่าง
245    ^aประสิทธิภาพการสอนของอาจารย์พยาบาล วิทยาลัยพยาบาลบรมราชชนนี สวรรค์ประชารักษ์ นครสวรรค์/^cสุภาวรรณ์ ศรีจันท์ทองศิริ และ อรพิน แสงสว่าง
260    ^aนครสวรรค์ :^bวิทยาลัยพยยาบาลบรมราชชนนี สวรรค์ประชารักษ์ นครสวรรค์,^c2537
300    ^a199 หน้า
650  0 ^aการสอน^nการประเมิน^xวิจัย
650  0 ^aประสิทธิภาพการสอน^xวิจัย
945    ^p0^l0^i032861
995    ^aเกษร
999 ^a ใช้งานได้ทุกระบบ
รายการนี้ยังไม่มีแท็ก
คุณยังไม่ได้ล็อกอิน คุณสามารถมีกิจกรรมร่วมกับเว็บไซต์ได้ แต่ต้องล็อกอินก่อน ::
  ล็อกอิน

รายการสื่อสารสนเทศ

ลำดับที่ ประเภท เลขเรียก/บาร์โค้ด สถานที่ สถานะ
1. งานวิจัย
งานวิจัย
วจ.WY18 ส839ป  
  Barcode: 032861
ห้องสมุดวิทยาเขตสวรรค์ประชารักษ์
►วิจัย
บนชั้น

BibComment


ยังไม่เคยถูกคอมเมนท์

คอมเมนท์ทรัพยากรรายการนี้
  คอมเมนท์: ประสิทธิภาพการสอ..


 Copyright 2026. Bcnsprnw @Library